Business Communication Today (Record no. 5323)
[ view plain ]
| 000 -LEADER | |
|---|---|
| fixed length control field | 00328nam a2200145Ia 4500 |
| 003 - CONTROL NUMBER IDENTIFIER | |
| control field | OSt |
| 008 - FIXED-LENGTH DATA ELEMENTS--GENERAL INFORMATION | |
| fixed length control field | 191201s2011 xx 000 0 und d |
| 100 ## - MAIN ENTRY--PERSONAL NAME | |
| Personal name | BOVEE, Courtland L |
| 245 #0 - TITLE STATEMENT | |
| Title | Business Communication Today |
| 250 ## - EDITION STATEMENT | |
| Edition statement | 1st IMP |
| 260 ## - PUBLICATION, DISTRIBUTION, ETC. (IMPRINT) | |
| Place of publication, distribution, etc | N.Delhi |
| Name of publisher, distributor, etc | TMH |
| Date of publication, distribution, etc | 1989 |
| 300 ## - PHYSICAL DESCRIPTION | |
| Extent | 680+16 |
| 650 ## - SUBJECT ADDED ENTRY--TOPICAL TERM | |
| Topical term or geographic name as entry element | MBA |
| 942 ## - ADDED ENTRY ELEMENTS (KOHA) | |
| Source of classification or shelving scheme | Dewey Decimal Classification |
| Koha item type | Text Books |
| Withdrawn status | Lost status | Source of classification or shelving scheme | Damaged status | Not for loan | Collection code | Home library | Current library | Date acquired | Source of acquisition | Bill Number | Total Checkouts | Full call number | Acc. no. / Barcode | Date last seen | Bill Date | Koha item type | Public note | Cost, normal purchase price | Date last borrowed | Checked out |
|---|---|---|---|---|---|---|---|---|---|---|---|---|---|---|---|---|---|---|---|---|
| Dewey Decimal Classification | MBA | PIET C-LIBRARY | PIET C-LIBRARY | 27/09/2014 | Donated by Priyanka Sahgal | Donated by Priyanka Sahgal | 658.45 BOB | 24951 | 04/12/2019 | 16/08/2014 | Text Books | Donated by Priyanka Sahgal | ||||||||
| Dewey Decimal Classification | MBA | PIET C-LIBRARY | PIET C-LIBRARY | 29/10/2009 | J B C, New Delhi | SI-3529 | 1 | 658.45 BOB | 13760 | 18/03/2024 | 24/10/2009 | Text Books | 499.00 | 04/03/2024 | ||||||
| Dewey Decimal Classification | BBA | PIET C-LIBRARY | PIET C-LIBRARY | 23/04/2010 | J B C, New Delhi | SI-4892 | 658.45 BOB | 15007 | 04/12/2019 | 09/03/2010 | Text Books | 499.00 | ||||||||
| Dewey Decimal Classification | BBA | PIET C-LIBRARY | PIET C-LIBRARY | 23/04/2010 | J B C, New Delhi | SI-4892 | 658.45 BOB | 15008 | 04/12/2019 | 09/03/2010 | Text Books | 499.00 | ||||||||
| Dewey Decimal Classification | BBA | PIET C-LIBRARY | PIET C-LIBRARY | 23/04/2010 | J B C, New Delhi | SI-4892 | 2 | 658.45 BOB | 15009 | 08/02/2025 | 09/03/2010 | Text Books | 499.00 | 13/01/2024 | ||||||
| Dewey Decimal Classification | BBA | PIET C-LIBRARY | PIET C-LIBRARY | 23/04/2010 | J B C, New Delhi | SI-4892 | 658.45 BOB | 15010 | 04/12/2019 | 09/03/2010 | Text Books | 499.00 | ||||||||
| Dewey Decimal Classification | BBA | PIET C-LIBRARY | PIET C-LIBRARY | 23/04/2010 | J B C, New Delhi | SI-4892 | 658.45 BOB | 15011 | 04/12/2019 | 09/03/2010 | Text Books | 499.00 | ||||||||
| Dewey Decimal Classification | BBA | PIET C-LIBRARY | PIET C-LIBRARY | 23/04/2010 | J B C, New Delhi | SI-4892 | 2 | 658.45 BOB | 15012 | 22/01/2022 | 09/03/2010 | Text Books | . | 499.00 | 22/01/2022 | 21/07/2022 | ||||
| Dewey Decimal Classification | MBA | PIET C-LIBRARY | PIET C-LIBRARY | 11/07/2012 | IBH, New Delhi | 4894 | 658.45 BOB | 19816 | 04/12/2019 | 04/07/2012 | Text Books | 480.00 | ||||||||
| Dewey Decimal Classification | MBA | PIET C-LIBRARY | PIET C-LIBRARY | 11/07/2012 | IBH, New Delhi | 4894 | 1 | 658.45 BOB | 19817 | 22/01/2022 | 04/07/2012 | Text Books | . | 480.00 | 22/01/2022 | 21/07/2022 | ||||
| Dewey Decimal Classification | MBA | PIET C-LIBRARY | PIET C-LIBRARY | 11/07/2012 | IBH, New Delhi | 4894 | 658.45 BOB | 19818 | 04/12/2019 | 04/07/2012 | Text Books | 480.00 | ||||||||
| Dewey Decimal Classification | MBA | PIET C-LIBRARY | PIET C-LIBRARY | 11/07/2012 | IBH, New Delhi | 4894 | 658.45 BOB | 19819 | 04/12/2019 | 04/07/2012 | Text Books | 480.00 | ||||||||
| Dewey Decimal Classification | MBA | PIET C-LIBRARY | PIET C-LIBRARY | 11/07/2012 | IBH, New Delhi | 4894 | 658.45 BOB | 19820 | 04/12/2019 | 04/07/2012 | Text Books | 480.00 | ||||||||
| Dewey Decimal Classification | MBA | PIET C-LIBRARY | PIET C-LIBRARY | 11/07/2012 | IBH, New Delhi | 4894 | 658.45 BOB | 19821 | 04/12/2019 | 04/07/2012 | Text Books | 480.00 | ||||||||
| Dewey Decimal Classification | MBA | PIET C-LIBRARY | PIET C-LIBRARY | 11/07/2012 | IBH, New Delhi | 4894 | 658.45 BOB | 19822 | 04/12/2019 | 04/07/2012 | Text Books | 480.00 |